000 00587nam a2200241 a 4500
001 nice12345678
003 IN_TiNIC
005 20260116011849.0
008 050524s1974 hyda grp 000 0 urd
020 _a
_c15
082 0 0 _a922.97
_bAHM
100 _aAhmad, Hasan Ud Din
245 _aAnjuman
260 _aHyderabad
_bVala Academy
_c1974
300 _a212p
500 _aincludes index and biblioraphy
505 2 _aAcc no. 2085 is reserve
650 _aMuslims-India-Bibliography
700 1 _aAhmad, Hasan Ud Din
902 _bSRS
942 _cBK
999 _c4547
_d4547